[Event "Prague International Open"]
[Site "Prague CZE"]
[Date "2022.06.13"]
[Round "5.1"]
[White "Karthik, Venkataraman"]
[Black "Motylev, Alexander"]
[Result "0-1"]
[WhiteTitle "GM"]
[BlackTitle "GM"]
[WhiteElo "2480"]
[BlackElo "2619"]
[WhiteFideId "25006479"]
[BlackFideId "4121830"]
[EventDate "2022.06.10"]

1. e4 e5 2. Nf3 Nc6 3. Bb5 Nf6 4. d3 d6 5. c3 g6 6. O-O Bg7 7. Re1 O-O 8. h3 a6
9. Ba4 Re8 10. Be3 h6 11. Nbd2 d5 12. a3 b5 13. Bc2 a5 14. a4 b4 15. Nb3 Rb8 16.
cxb4 Nxb4 17. Bd2 c5 18. Nxc5 Qc7 19. Bxb4 Rxb4 20. Nb3 Rd8 21. exd5 Nxd5 22.
Rc1 Nf4 23. Bb1 Qb6 24. Nbd2 Rxb2 25. Nxe5 Bxe5 26. Rxe5 Qf6 27. Re3 Qg5 28. g3
Nxh3+ 29. Kf1 Qd5 30. f3 Ng5 31. Rc2 Qd4 32. Qe2 Bh3+ 33. Kg1 Re8 34. Kf2 Bf5
35. Rxb2 Nh3+ 36. Kg2 Rxe3 37. Rb8+ Kh7 38. Qf1 Re2+ 0-1

[Event "Prague International Open"]
[Site "Prague CZE"]
[Date "2022.06.13"]
[Round "5.2"]
[White "Stremavicius, Titas"]
[Black "Garriga Cazorla, Pere"]
[Result "1/2-1/2"]
[WhiteTitle "GM"]
[BlackTitle "IM"]
[WhiteElo "2495"]
[BlackElo "2495"]
[WhiteFideId "12804444"]
[BlackFideId "32011601"]
[EventDate "2022.06.10"]

1. c4 Nf6 2. Nc3 c5 3. Nf3 e6 4. g3 d5 5. cxd5 exd5 6. d4 Nc6 7. Bg2 cxd4 8.
Nxd4 Bc5 9. Nxc6 bxc6 10. O-O O-O 11. Na4 Bb6 12. Qc2 Re8 13. Nxb6 Qxb6 14. Be3
Rxe3 15. fxe3 Qxe3+ 16. Kh1 Bd7 17. Qc3 Qe7 18. Rac1 h5 19. Rf4 Re8 20. Bf3 a6
21. Qc5 Qe5 22. Qd4 Qe7 23. b4 Ng4 24. Qc5 Qe5 25. Qd4 Qe7 26. Qc5 Qe5 1/2-1/2

[Event "Prague International Open"]
[Site "Prague CZE"]
[Date "2022.06.13"]
[Round "5.3"]
[White "Sedlak, Nikola"]
[Black "Huzman, Alexander"]
[Result "1/2-1/2"]
[WhiteTitle "GM"]
[BlackTitle "GM"]
[WhiteElo "2477"]
[BlackElo "2539"]
[WhiteFideId "922900"]
[BlackFideId "2803828"]
[EventDate "2022.06.10"]

1. d4 Nf6 2. Nf3 d5 3. Bf4 c5 4. e3 Nc6 5. Nbd2 Bg4 6. c3 e6 7. Qb3 Qc8 8. Nh4
Be7 9. h3 Bh5 10. g4 Bg6 11. Nxg6 hxg6 12. Be2 cxd4 13. exd4 Qd7 14. O-O-O Bd6
15. Be3 Qc7 16. Kb1 O-O-O 17. h4 1/2-1/2

[Event "Prague International Open"]
[Site "Prague CZE"]
[Date "2022.06.13"]
[Round "5.4"]
[White "Stefansson, Hannes"]
[Black "Hilby, Craig"]
[Result "0-1"]
[WhiteTitle "GM"]
[BlackTitle "IM"]
[WhiteElo "2532"]
[BlackElo "2420"]
[WhiteFideId "2300087"]
[BlackFideId "2062674"]
[EventDate "2022.06.10"]

1. e4 e6 2. d4 d5 3. Nc3 Nf6 4. e5 Nfd7 5. f4 c5 6. Nf3 Nc6 7. Be3 cxd4 8. Nxd4
Qb6 9. Bb5 a6 10. Na4 Qa5+ 11. Bd2 Qc7 12. Bxc6 bxc6 13. c4 c5 14. Nf3 d4 15.
O-O Be7 16. Qe1 Bb7 17. Ba5 Qc6 18. b3 f5 19. exf6 gxf6 20. Qh4 h5 21. Rae1 Kf7
22. Qh3 Rag8 23. Nb2 Rg4 24. Nd3 Bd6 25. Bd2 Ke7 26. Re2 Rhg8 27. Kh1 Nf8 28.
Be1 Bxf4 29. Qxh5 Bd6 30. Bh4 Nd7 31. Qf5 Qe4 32. Rxe4 Bxe4 33. Qh5 Bxd3 34. Re1
Rxg2 35. b4 Bxc4 36. bxc5 Bf4 37. Bg3 Bxg3 38. Qh7+ Kf8 39. hxg3 R2xg3 40. c6
R3g7 41. Qh4 Bd5 42. cxd7 Bxf3+ 43. Kh2 Ke7 44. Rf1 Bd5 45. Rxf6 Kxd7 46. Qh5 0-1

[Event "Prague International Open"]
[Site "Prague CZE"]
[Date "2022.06.13"]
[Round "5.5"]
[White "Romanishin, Oleg M"]
[Black "Iniyan, P"]
[Result "0-1"]
[WhiteTitle "GM"]
[BlackTitle "GM"]
[WhiteElo "2405"]
[BlackElo "2518"]
[WhiteFideId "14100088"]
[BlackFideId "25002767"]
[EventDate "2022.06.10"]

1. d4 Nf6 2. Nf3 d5 3. c4 c6 4. Nc3 dxc4 5. e3 b5 6. a4 b4 7. Ne2 a5 8. Nf4 Ba6
9. Ne5 g5 10. Nh5 Qd5 11. h4 Nfd7 12. Nf3 g4 13. Nf4 Qd6 14. Nd2 e5 15. Ne4 Qe7
16. Nh5 f5 17. Neg3 Qf7 18. Be2 c5 19. dxe5 Nxe5 20. e4 Nbd7 21. O-O fxe4 22.
Bxg4 Nxg4 23. Qxg4 O-O-O 24. Bg5 Rg8 25. Qxe4 Bb7 26. Qc2 Re8 27. Rfe1 Rxe1+ 28.
Rxe1 Kb8 29. Qf5 Qxf5 30. Re8+ Ka7 31. Nxf5 c3 32. bxc3 b3 33. Nhg3 b2 34. Re1
Nb6 35. Ne3 Bg7 36. Rb1 Nxa4 0-1

[Event "Prague International Open"]
[Site "Prague CZE"]
[Date "2022.06.13"]
[Round "5.6"]
[White "Santiago, Yago De Moura"]
[Black "Rasik, Vitezslav"]
[Result "1-0"]
[WhiteTitle "GM"]
[BlackTitle "GM"]
[WhiteElo "2509"]
[BlackElo "2427"]
[WhiteFideId "2103877"]
[BlackFideId "300306"]
[EventDate "2022.06.10"]

1. d4 d6 2. Nf3 g6 3. c4 Bg7 4. Nc3 Nf6 5. e4 O-O 6. Be2 Na6 7. O-O e5 8. Be3 c6
9. d5 Ng4 10. Bg5 f6 11. Bh4 c5 12. Ne1 h5 13. Nd3 Nh6 14. f3 Nf7 15. a3 Bh6 16.
Bf2 f5 17. b4 b6 18. bxc5 Nxc5 19. Nxc5 bxc5 20. exf5 gxf5 21. Kh1 Bd7 22. g4 e4
23. gxf5 e3 24. Bg3 h4 25. Be1 Bxf5 26. f4 Bg7 27. Rg1 Nh6 28. Bd3 Qe7 29. Ra2
Rae8 30. Rag2 Rf7 31. Bxf5 Nxf5 32. Qh5 a6 33. Rg6 Qd7 34. R1g5 e2 35. Nxe2 Nd4
36. Rh6 Kf8 37. Bxh4 Rxe2 38. Rh8+ 1-0

[Event "Prague International Open"]
[Site "Prague CZE"]
[Date "2022.06.13"]
[Round "5.7"]
[White "Malicka, Maria"]
[Black "Sankalp, Gupta"]
[Result "1/2-1/2"]
[WhiteTitle "FM"]
[BlackTitle "GM"]
[WhiteElo "2387"]
[BlackElo "2505"]
[WhiteFideId "1197576"]
[BlackFideId "5097010"]
[EventDate "2022.06.10"]

1. e4 c6 2. Nc3 d5 3. Nf3 Bg4 4. h3 Bxf3 5. Qxf3 e6 6. Be2 Bc5 7. O-O Ne7 8. Na4
Bb6 9. Nxb6 Qxb6 10. exd5 cxd5 11. c3 d4 12. b3 O-O 13. Bb2 Rd8 14. cxd4 Nbc6
15. Bd3 Nxd4 16. Qe4 f5 17. Qe3 Nec6 18. Bc4 Kh8 19. Rac1 e5 20. f4 e4 21. Kh1
Qa5 22. a3 Rd7 23. b4 Qd8 24. d3 exd3 25. Qxd3 a5 26. bxa5 Qxa5 27. Rfd1 Rad8
28. Qc3 Qa4 29. Re1 h6 30. Re3 Kh7 31. Rce1 Qc2 32. Re8 Rxe8 33. Rxe8 Qf2 34.
Bc1 Nf3 35. Qxf3 Qxf3 36. gxf3 Rd1+ 37. Kg2 Rxc1 38. Bg8+ Kg6 39. Kg3 Nd4 40.
Rd8 Ne2+ 41. Kh4 Rc6 42. Bd5 Rb6 43. Rd7 Nxf4 44. Bxb7 Kf6 45. Kg3 g5 46. Kf2
Nxh3+ 47. Ke3 Rb3+ 48. Kd4 Nf4 49. Rd6+ Kg7 50. Rd7+ Kg6 51. Rd6+ Kh5 52. Bc6
Rxa3 53. Be8+ Kh4 54. Rxh6+ Kg3 55. Ke5 Re3+ 56. Kxf5 Rxe8 57. Kxg5 Rf8 58. Ra6
Rh8 59. Kf5 Re8 60. Ra7 Ne2 61. Rd7 Re3 62. Rd1 Kxf3 63. Rf1+ Kg2 64. Ra1 Ng3+
65. Kf4 Re4+ 66. Kg5 Nf1 67. Kf5 Re8 68. Kf4 Ng3 69. Ra2+ Ne2+ 70. Kg4 Kf2 71.
Ra3 Rf8 72. Rb3 Nd4 73. Ra3 Rf7 74. Kg5 Nf5 75. Ra6 Nd4 76. Rf6+ Nf3+ 77. Kg6
Ra7 78. Kf5 Ra5+ 79. Kf4 Ra4+ 80. Kf5 Nd4+ 81. Ke5+ Ke3 82. Rf1 Ra5+ 83. Kd6
Nf5+ 84. Ke6 Ke4 85. Re1+ Ne3 86. Rh1 Ra6+ 87. Kd7 Ke5 88. Re1 Ra3 89. Rh1 Nf5
90. Re1+ Kd5 91. Rd1+ Nd4 92. Ke7 Rf3 93. Ke8 Ke5 94. Ke7 Rf4 95. Ra1 Nc6+ 96.
Kd7 Rf6 97. Re1+ Kd5 98. Rd1+ Nd4 99. Ke7 Rf4 100. Rd2 Ke5 101. Rd1 Nf3 102. Ra1
Rh4 103. Ra5+ Ke4 104. Ra1 Rh6 105. Kd7 Nd4 106. Ke7 Nc6+ 107. Kd7 Kd5 108. Rd1+
Nd4 109. Ke7 1/2-1/2

[Event "Prague International Open"]
[Site "Prague CZE"]
[Date "2022.06.13"]
[Round "5.8"]
[White "Petr, Martin"]
[Black "Neuman, Petr"]
[Result "1-0"]
[WhiteTitle "GM"]
[BlackTitle "GM"]
[WhiteElo "2488"]
[BlackElo "2386"]
[WhiteFideId "318299"]
[BlackFideId "305243"]
[EventDate "2022.06.10"]

1. e4 d6 2. d4 Nf6 3. Nc3 e5 4. dxe5 dxe5 5. Qxd8+ Kxd8 6. Bc4 Be6 7. Bxe6 fxe6
8. Bg5 Bd6 9. O-O-O Ke7 10. f3 a6 11. Nge2 Nc6 12. Kb1 h6 13. Be3 Nh5 14. h4
Rhf8 15. Rhf1 b5 16. Nc1 Nf4 17. Rf2 Nd4 18. N3e2 Ndxe2 19. Nxe2 g5 20. hxg5
hxg5 21. Nc1 Kd7 22. Nb3 a5 23. g3 a4 24. Nd2 Nh5 25. Rh2 1-0

[Event "Prague International Open"]
[Site "Prague CZE"]
[Date "2022.06.13"]
[Round "5.9"]
[White "Czerw, Dawid"]
[Black "Popovic, Dusan"]
[Result "1/2-1/2"]
[WhiteTitle "FM"]
[BlackTitle "GM"]
[WhiteElo "2386"]
[BlackElo "2484"]
[WhiteFideId "1145746"]
[BlackFideId "927031"]
[EventDate "2022.06.10"]

1. e4 c5 2. Nf3 d6 3. Bb5+ Bd7 4. c4 Nf6 5. Nc3 g6 6. d4 cxd4 7. Nxd4 Bg7 8. O-O
O-O 9. h3 a6 10. Bxd7 Qxd7 11. Be3 Nc6 12. a4 e6 13. Rc1 Rfd8 14. Nf3 Qc7 15.
Re1 Nd7 16. Bg5 Re8 17. Bf4 Nde5 18. Nxe5 dxe5 19. Be3 Red8 20. Qb3 Nd4 21. Qa2
Rac8 22. Ne2 Bf8 23. Nxd4 exd4 24. Bd2 d3 25. a5 Bd6 26. b3 Bf4 27. Rcd1 Rd4 28.
Bxf4 Qxf4 29. Qd2 Qd6 30. Re3 Rd8 31. e5 Qc6 32. Qc3 d2 33. Qb4 Qc7 34. Re2 Qd7
35. Kf1 Rd3 36. Re4 Rxh3 37. Rxd2 Rd3 38. Rxd3 Qxd3+ 39. Re2 Qb1+ 40. Re1 Rd1
41. g3 Rxe1+ 42. Qxe1 Qxb3 43. Qe4 Qd1+ 44. Kg2 Qd7 45. Kg1 Qc6 46. Qd4 Qf3 47.
Qd7 Kg7 48. Qe7 h6 49. Qd8 g5 50. Qe7 Kg6 51. Qd7 Qe4 52. c5 Qf3 53. Qd8 Kg7 54.
Qe7 Kg6 55. Qd8 Kh5 56. Qd4 Qd5 57. Qb4 Kg6 58. Qb1+ Kg7 59. Qb6 Qd1+ 60. Kg2
Qd5+ 61. Kg1 h5 62. Qc7 h4 63. Qe7 Qxe5 64. gxh4 Qe1+ 65. Kg2 Qe4+ 66. f3 Qe2+
67. Kg1 Qe1+ 68. Kg2 Qe2+ 69. Kg1 Qxf3 70. Qxg5+ Kh7 71. Qe7 Qd1+ 72. Kh2 Qf3
73. Kg1 Qg4+ 74. Kh2 Qf4+ 75. Kg1 Qf5 76. Kh2 Qe5+ 77. Kh3 Qc3+ 78. Kh2 Qc2+ 79.
Kh3 Qb3+ 80. Kh2 Qa2+ 81. Kh3 Qb3+ 82. Kh2 Qc2+ 83. Kh3 Qf5+ 84. Kh2 Qf2+ 85.
Kh3 Qf3+ 86. Kh2 Kg8 87. Qg5+ Kh8 88. Qh6+ Kg8 89. Qg5+ Kh7 90. Qe7 1/2-1/2

[Event "Prague International Open"]
[Site "Prague CZE"]
[Date "2022.06.13"]
[Round "5.10"]
[White "Raja, Harshit"]
[Black "Sokolovsky, Yahli"]
[Result "1-0"]
[WhiteTitle "GM"]
[BlackTitle "FM"]
[WhiteElo "2479"]
[BlackElo "2366"]
[WhiteFideId "5089000"]
[BlackFideId "2820242"]
[EventDate "2022.06.10"]

1. e4 e5 2. Nf3 Nc6 3. d4 exd4 4. Nxd4 Qf6 5. Nf3 Bb4+ 6. c3 Bc5 7. Bg5 Qg6 8.
Nbd2 Nf6 9. Be2 Nxe4 10. Nxe4 Qxe4 11. O-O O-O 12. b4 Bb6 13. Re1 d6 14. Bd3 Qg4
15. Re4 Qd7 16. Rh4 f5 17. Bc4+ Kh8 18. Ne5 Qe8 19. Nf7+ Rxf7 20. Qh5 h6 21.
Bxf7 1-0

[Event "Prague International Open"]
[Site "Prague CZE"]
[Date "2022.06.13"]
[Round "5.11"]
[White "Szpar, Milosz"]
[Black "Domalchuk-Jonasson, Aleksandr"]
[Result "0-1"]
[WhiteTitle "IM"]
[WhiteElo "2441"]
[BlackElo "2184"]
[WhiteFideId "1184989"]
[BlackFideId "14142805"]
[EventDate "2022.06.10"]

1. e4 e6 2. d4 d5 3. e5 c5 4. c3 Nc6 5. Nf3 Nge7 6. Bd3 Nf5 7. Bxf5 exf5 8. dxc5
Bxc5 9. Nbd2 h6 10. Nb3 Be7 11. O-O g5 12. Nfd4 f4 13. Qe2 Nxd4 14. Nxd4 Qb6 15.
Qb5+ Qxb5 16. Nxb5 Kd7 17. g3 Bc5 18. b4 a6 19. Na3 Ba7 20. gxf4 gxf4 21. Bxf4
Rg8+ 22. Kh1 Ke7 23. Bg3 Bh3 24. Rfe1 h5 25. Rad1 Rac8 26. Nc2 Bg4 27. Rd3 Bf5
28. Bh4+ Ke6 29. Nd4+ Bxd4 30. Rxd4 Be4+ 31. Rexe4 dxe4 32. Bg3 Rxc3 33. Rd6+
Ke7 34. Bh4+ Kf8 35. Rd1 Kg7 36. Bf6+ Kh7 37. e6 Rd3 38. Rxd3 exd3 39. exf7 d2 0-1

[Event "Prague International Open"]
[Site "Prague CZE"]
[Date "2022.06.13"]
[Round "5.12"]
[White "Wagner, Dennis"]
[Black "Boehme, Markus"]
[Result "1/2-1/2"]
[WhiteTitle "GM"]
[WhiteElo "2584"]
[BlackElo "2120"]
[WhiteFideId "24650684"]
[BlackFideId "12946850"]
[EventDate "2022.06.10"]

1. d4 d5 2. c4 e6 3. Nc3 a6 4. cxd5 exd5 5. Bf4 Nf6 6. e3 Bd6 7. Bg5 c6 8. Bd3
O-O 9. Qc2 h6 10. Bh4 Re8 11. Nge2 a5 12. h3 Na6 13. a3 Nc7 14. O-O Be7 15. f3
c5 16. b3 b6 17. Bf2 Ne6 18. Bb5 Bd7 19. Rfd1 Bxb5 20. Nxb5 Rc8 21. Qd3 Qd7 22.
a4 Red8 23. Bg3 Qb7 24. Kh1 Qd7 25. Be5 Ne8 26. Nec3 cxd4 27. Nxd4 Bf6 28. Bg3
Nxd4 29. exd4 Nc7 30. Re1 Ne6 31. Nb5 Rc6 32. Re2 Rdc8 33. Rae1 Rc1 34. Kh2 Rxe1
35. Rxe1 Rc6 36. Qf5 Qd8 37. Re2 Nxd4 38. Nxd4 Bxd4 39. Rd2 Rf6 40. Qd3 Bc5 41.
Qxd5 Qxd5 42. Rxd5 Re6 43. Re5 Rc6 44. h4 Bd6 45. Rd5 Bxg3+ 46. Kxg3 Kf8 47. Kf4
Ke7 48. g4 g6 49. Re5+ Re6 50. g5 hxg5+ 51. hxg5 Kd6 52. Rb5 Kc6 53. Re5 Kd6 54.
Rb5 Kc6 55. b4 axb4 56. Rxb4 Kc5 57. Rb5+ Kc6 58. Re5 Kd6 59. Rb5 Kc6 60. Re5 1/2-1/2

[Event "Prague International Open"]
[Site "Prague CZE"]
[Date "2022.06.15"]
[Round "7.1"]
[White "Petr, Martin"]
[Black "Motylev, Alexander"]
[Result "1/2-1/2"]
[WhiteTitle "GM"]
[BlackTitle "GM"]
[WhiteElo "2488"]
[BlackElo "2619"]
[WhiteFideId "318299"]
[BlackFideId "4121830"]
[EventDate "2022.06.10"]

1. e4 c5 2. Be2 Nc6 3. f4 d5 4. d3 e6 5. Nf3 Bd6 6. O-O Nge7 7. c3 O-O 8. Kh1 f6
9. Na3 b6 10. Nb5 Bb8 11. a4 Ng6 12. g3 a6 13. Na3 Ra7 14. Be3 Rd7 15. Qb1 Bb7
16. b4 c4 17. dxc4 dxe4 18. Nd4 Qc8 19. b5 axb5 20. Nxc6 Bxc6 21. axb5 Bb7 22.
Kg1 Bd6 23. Nc2 Bc5 24. Rd1 e5 25. f5 Rxd1+ 26. Qxd1 Rd8 27. Qe1 Qxf5 28. Bxc5
bxc5 29. Ne3 Qg5 30. Bg4 Rd3 31. Kf2 Nf4 32. h4 Qg6 33. Bf5 Qh5 34. Bg4 Qg6 35.
Bf5 Qh5 36. Bg4 1/2-1/2

[Event "Prague International Open"]
[Site "Prague CZE"]
[Date "2022.06.15"]
[Round "7.4"]
[White "Santiago, Yago De Moura"]
[Black "Niedbala, Bartlomiej"]
[Result "1-0"]
[WhiteTitle "GM"]
[BlackTitle "FM"]
[WhiteElo "2509"]
[BlackElo "2384"]
[WhiteFideId "2103877"]
[BlackFideId "21834008"]
[EventDate "2022.06.10"]

1. d4 Nf6 2. c4 e6 3. Nc3 Bb4 4. e3 c5 5. Bd3 Nc6 6. Nf3 Bxc3+ 7. bxc3 d6 8. O-O
e5 9. Nd2 O-O 10. d5 Ne7 11. Qc2 Ng6 12. f4 Ng4 13. Nf3 f5 14. h3 e4 15. hxg4
exd3 16. Qxd3 fxg4 17. Ng5 Qe8 18. Qb1 h6 19. Ne4 Qe7 20. Ng3 Qh4 21. Kf2 Ne5
22. Rh1 Qf6 23. Qb3 b5 24. cxb5 c4 25. Qc2 Nd3+ 26. Kg1 Bb7 27. e4 Nxf4 28. Nf5
Nxd5 29. Bxh6 Qxc3 30. Qxc3 Nxc3 31. Bxg7 Rxf5 32. Bxc3 Bxe4 33. Re1 Bd5 34. Re7
Kf8 35. Rc7 Rg5 36. Rhh7 Rg8 37. Bf6 Rb8 38. Be7+ Ke8 39. Bxd6 Ra8 40. Rcd7 1-0

[Event "Prague International Open"]
[Site "Prague CZE"]
[Date "2022.06.15"]
[Round "7.5"]
[White "Mladek, Richard"]
[Black "Sankalp, Gupta"]
[Result "1/2-1/2"]
[WhiteTitle "FM"]
[BlackTitle "GM"]
[WhiteElo "2361"]
[BlackElo "2505"]
[WhiteFideId "386588"]
[BlackFideId "5097010"]
[EventDate "2022.06.10"]

1. d4 Nf6 2. c4 e6 3. Nc3 Bb4 4. e3 O-O 5. Bd2 d5 6. Nf3 b6 7. cxd5 exd5 8. Rc1
Bb7 9. Bd3 Be7 10. O-O c5 11. dxc5 bxc5 12. Re1 Re8 13. Qb3 Qb6 14. Na4 Qxb3 15.
axb3 Ba6 16. Bf1 Bxf1 17. Kxf1 Na6 18. Bc3 Reb8 19. Red1 Rxb3 20. Bxf6 Bxf6 21.
Rxd5 Rb4 22. b3 Be7 23. Nd2 Kf8 24. Ke2 g6 25. Nc3 Rb7 26. Re5 Nb4 27. Na4 Rd8
28. Re4 Nd3 29. Rc2 Rbd7 30. Nf3 f5 31. Rec4 g5 32. g4 fxg4 33. Rxg4 h5 34. Re4
g4 35. Ne5 Nxe5 36. Rxe5 Rd5 37. Rxd5 Rxd5 38. e4 Rd4 39. Nxc5 1/2-1/2

[Event "Prague International Open"]
[Site "Prague CZE"]
[Date "2022.06.15"]
[Round "7.6"]
[White "Stremavicius, Titas"]
[Black "Seemann, Jakub"]
[Result "1/2-1/2"]
[WhiteTitle "GM"]
[BlackTitle "FM"]
[WhiteElo "2495"]
[BlackElo "2363"]
[WhiteFideId "12804444"]
[BlackFideId "21874697"]
[EventDate "2022.06.10"]

1. c4 e5 2. Nc3 d6 3. g3 Nc6 4. Nf3 Nd4 5. Bg2 Nxf3+ 6. Bxf3 f5 7. d4 e4 8. Bg2
Nf6 9. f3 exf3 10. exf3 Be7 11. O-O O-O 12. a3 Be6 13. Qd3 c6 14. d5 cxd5 15.
cxd5 Bf7 16. Qxf5 Bg6 17. Qf4 Ne4 18. Qe3 Nxc3 19. Qxc3 Bf6 20. Qb4 Re8 21. Bf4
Re2 22. Rad1 Rc8 23. Rd2 Rxd2 24. Bxd2 Rc2 25. b3 Bf7 26. Bf4 Bxd5 27. Rd1 Bc6
28. Rxd6 Qe8 29. Rxf6 gxf6 30. Bf1 Bxf3 31. Bh6 Bd5 32. Qg4+ Qg6 33. Qd7 Qxh6
34. Qxd5+ Kh8 1/2-1/2

[Event "Prague International Open"]
[Site "Prague CZE"]
[Date "2022.06.15"]
[Round "7.7"]
[White "Sorm, Daniel"]
[Black "Popovic, Dusan"]
[Result "0-1"]
[WhiteTitle "FM"]
[BlackTitle "GM"]
[WhiteElo "2306"]
[BlackElo "2484"]
[WhiteFideId "5400139"]
[BlackFideId "927031"]
[EventDate "2022.06.10"]

1. d4 Nf6 2. c4 g6 3. Nc3 Bg7 4. e4 d6 5. h3 Nbd7 6. Bd3 e5 7. d5 h5 8. g3 c6 9.
Nge2 a5 10. Be3 Nc5 11. Bc2 cxd5 12. cxd5 Bh6 13. Bxh6 Rxh6 14. Qd2 Rh8 15. Qe3
Bd7 16. f4 Qe7 17. a4 Rc8 18. Kd2 Kd8 19. Raf1 Re8 20. f5 gxf5 21. exf5 e4 22.
Qd4 Qe5 23. Ke3 Qxd4+ 24. Kxd4 Re5 25. Rf4 Nd3 26. Bxd3 exd3 27. Nc1 Nxd5 28.
Nxd5 d2 29. Nc3 Re1 30. Nb3 Rxh1 31. Nxd2 Rxh3 32. Nde4 Rh2 33. Rh4 Rxh4 34.
gxh4 Rc6 35. f6 Be6 36. Nb5 Kd7 37. Ke3 Rc2 38. Nexd6 b6 39. Kf4 Rg2 40. Ne4
Rg4+ 41. Ke5 Rxh4 42. Nd4 Rg4 0-1

[Event "Prague International Open"]
[Site "Prague CZE"]
[Date "2022.06.15"]
[Round "7.8"]
[White "Docekal, Jan"]
[Black "Sedlak, Nikola"]
[Result "0-1"]
[BlackTitle "GM"]
[WhiteElo "2244"]
[BlackElo "2477"]
[WhiteFideId "320625"]
[BlackFideId "922900"]
[EventDate "2022.06.10"]

1. c4 Nf6 2. Nc3 g6 3. g3 Bg7 4. Bg2 O-O 5. Nf3 d6 6. O-O e5 7. d3 Nc6 8. Rb1 a5
9. a3 Nd4 10. b4 axb4 11. axb4 c6 12. b5 Bg4 13. Nxd4 exd4 14. Ne4 Nxe4 15. Bxe4
Ra2 16. Re1 Qd7 17. bxc6 bxc6 18. Rb6 d5 19. cxd5 cxd5 20. Bf3 Bxf3 21. exf3 Ra1
22. Qc2 Rc8 23. Qb2 Qa7 24. Rb5 h5 25. Qd2 Qa6 26. Rb3 Qc6 27. Bb2 Qc2 0-1

[Event "Prague International Open"]
[Site "Prague CZE"]
[Date "2022.06.15"]
[Round "7.9"]
[White "Wagner, Dennis"]
[Black "Sokolovsky, Yahli"]
[Result "1-0"]
[WhiteTitle "GM"]
[BlackTitle "FM"]
[WhiteElo "2584"]
[BlackElo "2366"]
[WhiteFideId "24650684"]
[BlackFideId "2820242"]
[EventDate "2022.06.10"]

1. e4 e5 2. Nf3 Nc6 3. Bb5 a6 4. Ba4 Nf6 5. O-O Be7 6. d3 b5 7. Bb3 O-O 8. a4
Bb7 9. Nc3 Na5 10. Bd5 c6 11. Ba2 b4 12. Ne2 d6 13. c3 c5 14. cxb4 cxb4 15. Ng3
Rb8 16. Bd2 Bc8 17. Rc1 Nd7 18. d4 exd4 19. Nxd4 Nc5 20. Be3 Bf6 21. Bd5 Bb7 22.
Nh5 Nxe4 23. Bxb7 Rxb7 24. Qg4 Bxd4 25. Bxd4 f5 26. Qe2 Qa8 27. f3 Nc5 28. Rfe1
Ncb3 29. Qe6+ Kh8 30. Rcd1 Nxd4 31. Rxd4 Nc6 32. Rdd1 Qa7+ 33. Kh1 Rd7 34. Qxf5
Rdd8 35. Qe4 Ne5 36. Qxb4 Rb8 37. Qxd6 Nc4 38. Qe6 Qc5 39. Nxg7 Kxg7 40. Rd7+
Kh8 41. Qh6 1-0

[Event "Prague International Open"]
[Site "Prague CZE"]
[Date "2022.06.15"]
[Round "7.10"]
[White "Stefansson, Hannes"]
[Black "Wagh, Suyog"]
[Result "1-0"]
[WhiteTitle "GM"]
[BlackTitle "FM"]
[WhiteElo "2532"]
[BlackElo "2352"]
[WhiteFideId "2300087"]
[BlackFideId "25071688"]
[EventDate "2022.06.10"]

1. e4 c5 2. Nf3 d6 3. Bb5+ Bd7 4. c4 Bxb5 5. cxb5 Nf6 6. Nc3 Nbd7 7. d4 cxd4 8.
Nxd4 g6 9. O-O Bg7 10. Qe2 O-O 11. Rd1 Rc8 12. a4 Qa5 13. Nc2 Rfe8 14. Ra3 Qc7
15. a5 Ne5 16. Ra4 e6 17. Be3 Nc4 18. Na3 Nxe3 19. Qxe3 Qb8 20. a6 b6 21. Nc2 d5
22. e5 Nd7 23. f4 f6 24. exf6 Bxf6 25. Nd4 Qd6 26. Nc6 Qc7 27. Qf2 Nb8 28. Nd4
Qg7 29. Nce2 Rc5 30. Ra3 Rc4 31. Rc3 Rxc3 32. bxc3 Qc7 33. h4 Nd7 34. h5 Nc5 35.
hxg6 hxg6 36. Ng3 e5 37. Nde2 Ne4 38. Nxe4 dxe4 39. f5 Be7 40. Qg3 Bc5+ 41. Kf1
Qf7 42. Qxg6+ Qxg6 43. fxg6 Rf8+ 44. Ke1 Bf2+ 45. Kd2 Kg7 46. Kc2 Kxg6 47. Rd6+
Kg5 48. Re6 Kf5 49. Re7 e3 50. Rxa7 Rd8 51. Rb7 Rd2+ 52. Kb3 Rd1 53. Rxb6 Ra1
54. Kb2 Ra5 55. c4 Ke4 56. Rd6 Be1 57. Kb3 Ra1 58. b6 Rxa6 59. b7 Rxd6 60. b8=Q
Rd3+ 61. Ka4 Rd2 62. Qb1+ 1-0

[Event "Prague International Open"]
[Site "Prague CZE"]
[Date "2022.06.15"]
[Round "7.11"]
[White "Serrano Salvador, Eduardo"]
[Black "Alsina Leal, Daniel"]
[Result "0-1"]
[WhiteTitle "FM"]
[BlackTitle "GM"]
[WhiteElo "2261"]
[BlackElo "2514"]
[WhiteFideId "2214075"]
[BlackFideId "2252627"]
[EventDate "2022.06.10"]

1. d4 Nf6 2. Nf3 c5 3. d5 b5 4. Bg5 g6 5. Bxf6 exf6 6. e4 b4 7. a3 Bg7 8. axb4
cxb4 9. c3 O-O 10. Bd3 bxc3 11. Nxc3 d6 12. O-O Bg4 13. h3 Bxf3 14. Qxf3 Nd7 15.
Bb5 Nc5 16. Bc6 Rb8 17. Rxa7 Rxb2 18. Na4 Nxa4 19. Rxa4 Qe7 20. Qa3 Rfb8 21. Ra8
Bf8 22. Qa7 Qxa7 23. Rxa7 Re2 24. Rb7 Rxb7 25. Bxb7 Rxe4 26. Ra1 Bh6 27. Ra2 f5
28. g3 f4 29. gxf4 Bxf4 30. Bc6 Be5 31. Kg2 Kg7 32. Kf1 Rh4 33. Kg2 Rd4 34. Rc2
h5 35. Ra2 Kf8 36. Ra8+ Kg7 37. Ra2 Rd3 38. Rc2 Bd4 39. Bb5 Rb3 40. Be8 Bc5 41.
Re2 Rd3 42. Bc6 Kf6 43. Ra2 Kg5 44. Re2 f5 45. Rc2 h4 46. Re2 Kf4 47. Be8 g5 48.
Bf7 g4 49. hxg4 fxg4 50. Re6 h3+ 51. Kh2 Bxf2 52. Rf6+ Kg5 53. Rg6+ Kf5 0-1

[Event "Prague International Open"]
[Site "Prague CZE"]
[Date "2022.06.15"]
[Round "7.12"]
[White "Domalchuk-Jonasson, Aleksandr"]
[Black "Hilby, Craig"]
[Result "0-1"]
[BlackTitle "IM"]
[WhiteElo "2184"]
[BlackElo "2420"]
[WhiteFideId "14142805"]
[BlackFideId "2062674"]
[EventDate "2022.06.10"]

1. d4 e6 2. c4 b6 3. Nc3 Bb7 4. e4 Bb4 5. Bd3 f5 6. Qh5+ g6 7. Qe2 Nf6 8. Bg5 h6
9. Bxf6 Qxf6 10. Nf3 Nc6 11. e5 Qg7 12. O-O Bxc3 13. bxc3 Ne7 14. a4 g5 15. a5
Ng6 16. a6 Bc6 17. d5 Nf4 18. Qe3 exd5 19. Nd4 dxc4 20. Nxf5 Qf7 21. Be4 O-O-O
22. Bxc6 Qxf5 23. Be4 Qe6 24. Rad1 Rhe8 25. g3 Nh3+ 26. Kg2 d5 27. Bc2 Kb8 28.
f3 h5 29. Rd2 Rh8 30. Rfd1 h4 31. Qd4 hxg3 32. hxg3 Rdg8 33. Rf1 Qh6 34. Qg4 Re8
35. Re1 Nf4+ 36. gxf4 Qh2+ 37. Kf1 Qxd2 38. Qg2 Qxf4 39. Qg4 Rh1+ 40. Kf2 Qh2+ 0-1